Czy dana nazwa miasta jest prawdziwa? - Statystyki

Ogólne statystyki
  • Ten quiz został rozwiązany 108 razy
    105 od ostatniego zresetowania
  • Średni wynik to 23 z 30
Statystyki odpowiedzi
Zagadnienie Odpowiedź % Poprawnych
Zabrzeń Fałsz
100%
Krabodzin Fałsz
100%
Gdańsk Prawda
100%
Łęczyca Prawda
100%
Kłobuck Prawda
100%
Opole Lubuskie Fałsz
83%
Lubotów Fałsz
83%
Kąskie Fałsz
83%
Wejherów Fałsz
83%
Radomisko Fałsz
83%
Stalów Fałsz
83%
Wronieńsk Fałsz
83%
Myszków Prawda
83%
Krosno Prawda
83%
Lubin Prawda
83%
Olsztyn Prawda
83%
Bochnia Prawda
83%
Nysa Prawda
83%
Wolin Prawda
83%
Legionowo Prawda
83%
Kolno Prawda
67%
Pilzno Prawda
67%
Kaczory Prawda
67%
Tłuszcz Prawda
67%
Kamień Podlaski Fałsz
50%
Gwara Fałsz
50%
Francja Fałsz
50%
Kurnik Fałsz
50%
Supraśl Prawda
50%
Głód Fałsz
33%
Nie znaleziono quizów pasujących do podanych kryteriów
Rozkład punktacji
Procent ludzi z każdym wynikiem
Percentyl według liczby udzielonych odpowiedzi
Twoja historia wyników
Nie rozwiązałeś tego quizu od ostatniego zresetowania